|
|
|
|
| LEADER |
00990nam a22002777a 4500 |
| 001 |
AAL4260 |
| 003 |
BD-DhAAL |
| 005 |
20160111191554.0 |
| 008 |
160102s 2002ii a|||| |||| 001 0 eng d |
| 020 |
|
|
|a 8124202699
|
| 040 |
|
|
|a BD-DhAAL
|c BD-DhAAL
|
| 082 |
|
|
|a 658.4/012
|
| 100 |
|
|
|a Wootton, Simon
|9 17145
|
| 245 |
|
|
|a Encyclopedia of strategic management :
|b thinking vol. 2 /
|c Simon Wootton and
|
| 250 |
|
|
|a 1st ed.
|
| 260 |
|
|
|a New Delhi :
|b Crest Publishing House,
|c 2002.
|
| 300 |
|
|
|a 122 p. :
|b ill. ;
|c 24 cm.
|
| 500 |
|
|
|a Includes index.
|
| 541 |
|
|
|e 4260
|
| 650 |
|
|
|a Strategic planning.
|9 17146
|
| 650 |
|
|
|a Industrial management
|v Dictionaries.
|9 17147
|
| 650 |
|
|
|a International business enterprises
|v Dictionaries.
|9 17148
|
| 700 |
|
|
|a Horne, Terry
|9 17302
|
| 942 |
|
|
|2 ddc
|c BK
|
| 999 |
|
|
|c 36584
|d 36584
|
| 952 |
|
|
|0 0
|1 0
|2 ddc
|4 0
|6 658_400000000000000_012_WOO
|7 0
|9 57569
|a SCL
|b SCL
|c GEN
|d 2016-01-11
|l 1
|m 7
|o 658.4012 WOO
|p 3020004260
|r 2025-10-29
|s 2024-03-04
|t 1
|w 2016-01-11
|y BK
|